UBT Library

So each may learn : (Record no. 43030)

000 -LEADER
fixed length control field 00929cam a22002534a 4500
001 - CONTROL NUMBER
control field 12139079
005 - DATE AND TIME OF LATEST TRANSACTION
control field 20180221050513.0
008 - FIXED-LENGTH DATA ELEMENTS--GENERAL INFORMATION
fixed length control field 000811s2000 vaua b 001 0 eng
010 ## - LIBRARY OF CONGRESS CONTROL NUMBER
LC control number 00010876
020 ## - INTERNATIONAL STANDARD BOOK NUMBER
International Standard Book Number 0871203871 (alk. paper)
040 ## - CATALOGING SOURCE
Original cataloging agency DLC
Transcribing agency DLC
Modifying agency DLC
041 ## - LANGUAGE CODE
Language code of text/sound track or separate title eng
042 ## - AUTHENTICATION CODE
Authentication code pcc
080 ## - UNIVERSAL DECIMAL CLASSIFICATION NUMBER
Universal Decimal Classification number 370.152 SIL
082 00 - DEWEY DECIMAL CLASSIFICATION NUMBER
Classification number 370.152 SIL
Edition number 21
100 1# - Rafti
Rafti 48
101 ## - Shkurtesa
Shkurtesa EDU
245 10 - TITLE STATEMENT
Title So each may learn :
Statement of responsibility, etc Harvey F. Silver, Richard W. Strong, Matthew J. Perini.
246 30 - VARYING FORM OF TITLE
Title proper/short title Integrating learning styles and multiple intelligences
504 ## - BIBLIOGRAPHY, ETC. NOTE
Bibliography, etc Includes bibliographical references (p. 114-115) and index.
906 ## - LOCAL DATA ELEMENT F, LDF (RLIN)
a 7
b cbc
c orignew
d 1
e ecip
f 20
g y-gencatlg
942 ## - ADDED ENTRY ELEMENTS (KOHA)
Source of classification or shelving scheme
Item type Books
Holdings
Withdrawn status Lost status Source of classification or shelving scheme Damaged status Not for loan Collection code Permanent location Current location Shelving location Date acquired Total Checkouts Full call number Barcode Date last seen Price effective from Koha item type
          Koleksioni i përgjithshem UBT - Lipjan UBT - Lipjan Koleksioni i përgjithshem 02/21/2018   370.152 SIL 002-2999812 02/21/2018 02/21/2018 Books
UBT Library © 2015-2024. All rights reserved University Education for Business and Technology